书目信息 |
| 题名: |
教你说会展英语
|
|
| 作者: | 赖世雄 著 | |
| 分册: | ||
| 出版信息: | 北京 外文出版社 2019.10 |
|
| 页数: | 242页 | |
| 开本: | 23cm | |
| 丛书名: | 爱上英语的第一站 | |
| 单 册: | ||
| 中图分类: | G245 | |
| 科图分类: | ||
| 主题词: | 展览会--zhan lan hui--英语--口语 | |
| 电子资源: | ||
| ISBN: | 978-7-119-12065-2 | |
| 000 | 01352nam 2200277 450 | |
| 001 | 202020138646 | |
| 005 | 20200926181339.0 | |
| 010 | @a978-7-119-12065-2@dCNY38.00 | |
| 100 | @a20200915d2019 em y0chiy50 ea | |
| 101 | 0 | @achi@aeng |
| 102 | @aCN@b110000 | |
| 105 | @aa z 000yy | |
| 106 | @ar | |
| 200 | 1 | @a教你说会展英语@Ajiao ni shuo hui zhan ying yu@d= Teach you to speak mice English@f赖世雄著@zeng |
| 210 | @a北京@c外文出版社@d2019.10 | |
| 215 | @a242页@c图@d23cm | |
| 225 | 2 | @a爱上英语的第一站@Aai shang ying yu de di yi zhan |
| 314 | @a赖世雄, 教授, 闻名海峡两岸的英语教学专家, 先后获得美国明尼苏达大学大众传播与英语教学双硕士学位。 | |
| 330 | @a本书依据国人在会展上的需求, 针对常见情境进行编撰。内容囊括了十六个单元。每个单元都是会展必备主题: 活动规划与预算、选择地点、处理议程、演讲嘉宾、娱乐细节、影音设备、发出邀请与回复邀请、宣传活动、报名、活动管理、接洽多媒体、举办游览、选择参与哪一个贸易展、贸易展展位及产品、贸易展的运输与物流、媒合服务、接待、参展商及买家休息室、吸引群众至展位与介绍产品、协商合约与追踪潜在客户。 | |
| 410 | 0 | @12001 @a爱上英语的第一站@Aai shang ying yu de di yi zhan |
| 510 | 1 | @aTeach you to speak mice English@zeng |
| 606 | 0 | @a展览会@Azhan lan hui@x英语@x口语 |
| 690 | @aG245@v5 | |
| 701 | 0 | @a赖世雄@Alai shi xiong@4著 |
| 801 | 0 | @aCN@c20191127 |
| 905 | @a河南城建学院图书馆@dG245@eL032 | |
| 教你说会展英语= Teach you to speak mice English/赖世雄著.-北京:外文出版社,2019.10 |
| 242页:图;23cm.-(爱上英语的第一站) |
| ISBN 978-7-119-12065-2:CNY38.00 |
| 本书依据国人在会展上的需求, 针对常见情境进行编撰。内容囊括了十六个单元。每个单元都是会展必备主题: 活动规划与预算、选择地点、处理议程、演讲嘉宾、娱乐细节、影音设备、发出邀请与回复邀请、宣传活动、报名、活动管理、接洽多媒体、举办游览、选择参与哪一个贸易展、贸易展展位及产品、贸易展的运输与物流、媒合服务、接待、参展商及买家休息室、吸引群众至展位与介绍产品、协商合约与追踪潜在客户。 |
| ● |
| 相关链接 |
|
|
|
正题名:教你说会展英语
索取号:G245/L032
 
预约/预借
| 序号 | 登录号 | 条形码 | 馆藏地/架位号 | 状态 | 备注 |
| 1 | 1487864 | 214878649 | 社科二线422/422社科库 31排3列2层/ [索取号:G245/L032] | 在馆 | |
| 2 | 1487865 | 214878658 | 社科库409/409社科库 58排5列5层/ [索取号:G245/L032] | 在馆 | |
| 3 | 1487866 | 214878667 | 社科二线422/422社科库 31排3列2层/ [索取号:G245/L032] | 在馆 |